Normal view
MARC view
- Qurat-ul-ain Ali
Entry Personal Name
001 - CONTROL NUMBER
- control field: 93249
003 - CONTROL NUMBER IDENTIFIER
- control field: NUST
005 - DATE AND TIME OF LATEST TRANSACTION
- control field: 20220706123458.0
008 - FIXED-LENGTH DATA ELEMENTS
- fixed length control field: 220706|| aca||aabn | a|a d
040 ## - CATALOGING SOURCE
- Original cataloging agency: NUST
- Transcribing agency: NUST
100 ## - HEADING--PERSONAL NAME
- Personal name: Qurat-ul-ain Ali
670 ## - SOURCE DATA FOUND
- Source citation: Work cat.: (NUST)8952: Qurat-ul-ain Ali, Bemobz-a decision engine for behavior adaptive middleware., 2004.
